| 000 | 01580nam0a2200349 i 4500 | ||
|---|---|---|---|
| 001 | RU\NLR\BIBL_A\010456806 | ||
| 005 | 20240921221656.0 | ||
| 010 |
_a9785959201647 _9500 |
||
| 021 |
_aRU _b2014-46948 _92845 |
||
| 035 | _a(NILC)RuMoRGB-007514069 | ||
| 035 | _a(NLR Aleph) 010456806 | ||
| 090 |
_a9955350 _c9955350 |
||
| 100 | _a20140902d2012 u y0rusy50 ca | ||
| 101 | 0 | _arus | |
| 102 | _aRU | ||
| 105 | _aa|||z|||000yy | ||
| 200 | 1 |
_aКонцептуальные основы становления системы разновозрастного обучения в современной школе _fБушмакина А.А., Буркова Т.И., Буркова Л.П., Кравцов А.О. _gГос. бюджет. общеобразоват. учреждение средняя общеобразоват. школа № 544 с углубленным изучением англ. языка Московского р-на Санкт-Петербурга |
|
| 210 |
_aСанкт-Петербург _cЭкспресс _d2012 |
||
| 215 |
_a110 с. _cил. _d21 |
||
| 320 | _aБиблиогр.: с. 67-70 (47 назв.) | ||
| 606 | 1 |
_aРазновозрастное обучение _92264533 _3RU\NLR\AUTH\661357581 |
|
| 686 | 1 | _aЧ421.204 | |
| 701 | 1 |
_aБушмакина _bА.А. |
|
| 701 | 1 |
_aБуркова _bТ.И. |
|
| 701 | 1 |
_aБуркова _bЛ.П. |
|
| 701 | 1 |
_aКравцов _bА.О. |
|
| 801 | 0 |
_aRU _bРГБ _c20140701 _gRCR |
|
| 801 | 1 |
_aRU _bРГБ _c20140701 _2rusmarc |
|
| 942 | _cBOOK | ||
| 980 | _aNBR | ||